[Event "Windsor NAYCC U10 Girls"]
[Site "Windsor"]
[Date "2016.08.09"]
[Round "5.155"]
[White "Jain, Prisha"]
[Black "Velea, Stephanie"]
[Result "1-0"]
[WhiteElo "1316"]
[BlackElo "1268"]
[PlyCount "121"]
[EventDate "2016.08.07"]
[EventType "swiss"]
[EventRounds "9"]
[EventCountry "CAN"]
[SourceTitle "EXT 2022"]
[Source "ChessBase"]
[SourceDate "2021.10.06"]
[SourceVersion "1"]
[SourceVersionDate "2021.10.06"]
[SourceQuality "1"]

1. e4 c5 2. Nf3 d6 3. d4 cxd4 4. Nxd4 Nf6 5. Nc3 g6 6. Bc4 Bg7 7. Be3 0-0 8. 0-0 Bd7 9. Qd2 Nc6 10. Rad1 Rc8 11. Bb3 Ng4 12. Nxc6 Bxc6 13. Bd4 Bxd4 14. Qxd4 Qa5 15. Bd5 Qc5 16. Qxc5 dxc5 17. Bxc6 Rxc6 18. h3 Ne5 19. f4 Nc4 20. Rd7 Rb6 21. Na4 Rb4 22. b3 Ne3 23. Rf2 Rxe4 24. Re2 f5 25. Nxc5 Rxf4 26. Rxe3 Re8 27. Rexe7 Rxe7 28. Rxe7 Rd4 29. Rg7+ Kxg7 30. Ne6+ Kf6 31. Nxd4 Ke5 32. Nb5 a6 33. Nc7 Kd4 34. c4 a5 35. Nb5+ Kc5 36. Kf2 Kb4 37. Kf3 a4 38. bxa4 Kxa4 39. Nd6 Kb4 40. Nxb7 Kxc4 41. Kf4 Kb4 42. Kg5 Ka3 43. Kh6 Kxa2 44. Kxh7 g5 45. Kh6 g4 46. hxg4 fxg4 47. Kh5 g3 48. Kh4 Kb3 49. Kxg3 Kc4 50. Kg4 Kd5 51. Kg5 Ke6 52. Kg6 Ke5 53. g4 Ke6 54. Kh6 Kf7 55. g5 Kg8 56. Kg6 Kh8 57. Kf7 Kh7 58. g6+ Kh8 59. g7+ Kh7 60. g8Q+ Kh6 61. Qg6# 1-0